Statistics for Video Games by Humorous Description

Click here to take the quiz!

General Stats

  • This quiz has been taken 22 times
  • The average score is 15 of 33

Answer Stats

HintAnswer% Correct
Red plumber bullies brother and decimates local walking mushroom population.Super Mario
100%
Enjoy hearing thirteen-year olds screaming profanities into the microphone as they can't get on a killstreak, lol, what casuals.Call of Duty
88%
Snake! SNAKE! What a thrill...Metal Gear Solid
88%
Start shooting at someone and a moment later they build the entire Taj Mahal to defend themselves.Fortnite
81%
Green Guy ruins local pottery business, while saying "well excuse me, princess".Legend of Zelda
81%
BOY!God of War
75%
Play as a maniacal pink blob, and swallow whole ecosystems.. then do a cute dance!Kirby
75%
A game of skill where the most skilled player wins because they skillfully use skillfull red shells to skillfully achieve a skilled victory.Mario Kart
75%
Play as the average ten-year-old who enslaves electric mice, literal gods and single-handedly destroys entire evil organisations.Pokemon
69%
Hey did you know Alucard backwards is -Castlevania
56%
Local children kill Aliens with the power of prayer and baseball bats.Earthbound
56%
Oh no! The devs added a sprint button! How could they do this to us? The series is now ruined!Halo
56%
Fortnite copied us so we copied Fortnite so they copied us,,, wait, who copied who?PlayerUnknown's Battlegrounds
56%
Does a good 3D game in this series exist? Rolling around at the speed of sound!Sonic the Hedgehog
56%
Wow! A heavy metal soundtrack that comes with a game! Hell yeah!Doom
50%
Have fun having your teammates feed up the mid-lane for the whole game. Why do the matches last 40 minutes?!League of Legends
50%
Don't you dare backthrow or PK fire me Ness! Don't you dare!Smash Bros
50%
Still waiting for Miyazaki to put in a troll bonfire.Dark Souls
38%
"Welcome to the family son"Resident Evil
38%
A game where you try and get the characters to die in as many dumb ways as possible, especially Ashley, she deserves it.Until Dawn
38%
Me and the boys jamming to Gangplank Galleon.Donkey Kong
31%
Still waiting for Prime 4, still waiting...Metroid
31%
You think you're good at this real-time-strategy game? No you're not. Watch a South Korean player play, they're insane.Starcraft
31%
Does Silksong exist? Is it real? Will it ever come out... I am losing my mind.Hollow Knight
25%
These horror games will never get a sequel, but we did get Metal Gear Survive (lol).Silent Hill
25%
Now, we could defeat the God of the Underworld or we could just go fishing.Hades
19%
No matter what they say, Shin Megami Tensei isn't the better series.Persona
19%
See that small pixel through that door that is barely visible? Yeah that's an enemy gun... and they're about to headshot you.Have fun getting one-shot.Rainbox Six Siege
19%
A hoonter must hoont.Bloodborne
13%
Sharpening hammers since 2004.Monster Hunter
13%
A game of androids, questions about your own humanity... and ladders. We love the ladders.Nier Automata
13%
The sky bridge levels should be designated as a crime against humanity (and put in the rhino levels for good measure).Crash Bandicoot
6%
A dating sim disguised as wars between medieval nations.Fire Emblem
6%

Score Distribution

Percentile by Number Answered

Percent of People with Each Score

Your Score History

You have not taken this quiz